00345nam a22001217a 450000500170000002000320001703500130004903700130006210000190007524500660009426000410016030000220020120120618153317.0 a8170999294cRs.450.00 (hbk) aB-128183 aDPLbENG aMohammad Miyan aProfessionalisation of teacher education /cby Mohammad Miyan aNew DelhibMittal Publicationsc2004 av, 207p.c20 cms.